000
00343nam a22001457a 4500
008
210518b ||||| |||| 00| 0 eng d
020
_a
044400226X
041
_a
eng
080
_a
510
082
_a
510
100
_a
36
101
_a
MAT
245
_a
An Introduction to the General Theory of Algorithms
_c
Michael Machtey
942
_2
udc
_c
BK
999
_c
57399
_d
57399